logo

Bir Sreshtho Munshi Abdur Rouf Library
Jhenaidah Cadet College

Sons and lovers : (Record no. 10524)

MARC details
000 -LEADER
fixed length control field 00606nam a2200229 a 4500
001 - CONTROL NUMBER
JCCL Control Number 10524
003 - CONTROL NUMBER IDENTIFIER
JCCL marc code BD-JhCC
005 - DATE AND TIME OF LATEST TRANSACTION
control field 20180430191306.0
008 - FIXED-LENGTH DATA ELEMENTS--GENERAL INFORMATION
fixed length control field 180430s1965 nbu |||| b||| 000 0 eng d
035 ## - SYSTEM CONTROL NUMBER
system control number (BD-JhCC)10524
040 ## - CATALOGING SOURCE
Original cataloging agency BD-JhCC
Modifying agency BD-JhCC
041 ## - LANGUAGE CODE
Language code of Book eng
082 ## - DEWEY DECIMAL CLASSIFICATION NUMBER
Classification number 820.900912
Author mark and Year SHA 1965
100 ## - MAIN ENTRY--PERSONAL NAME
Titles and other words associated with a name Shaw, Rita Granger;
245 ## - TITLE STATEMENT
Title Sons and lovers :
Remainder of title Notes /
Statement of responsibility, etc Rita Granger Shaw,
260 ## - PUBLICATION, DISTRIBUTION, ETC. (IMPRINT)
Place of publication, distribution, etc Lincoln :
Name of publisher, distributor, etc Cliff's Notes,
Date of publication, distribution, etc 1965.
300 ## - PHYSICAL DESCRIPTION
Pagination 73 P. :
Dimensions 21 cm.
600 ## - SUBJECT ADDED ENTRY--PERSONAL NAME
Personal name Sons and lovers (Lawrence, D. H.)
650 ## - SUBJECT ADDED ENTRY--TOPICAL TERM
Topical term or geographic name as entry element English Fiction
942 ## - ADDED ENTRY ELEMENTS (KOHA)
Source of classification or shelving scheme Dewey Decimal Classification
Koha item type Books
Holdings
Source of classification or shelving scheme Damaged status Not for loan Home library Current library Shelving location Date of accession Cost, normal purchase price Total Checkouts Full call number Barcode Date last seen Copy number Koha item type
Dewey Decimal Classification     JCC Rouf Library JCC Rouf Library General Stacks 04/30/2018 1.00   820.900912 SHA 1965 14080 04/30/2018 C-1 Books

JCC Library | Contacts | JCC Home

Last Update on 23 September 2017
Copyright @ 2017-2020 JCC Rouf Library
Rouf Library, Jhenidah Cadet College (JCC), Bangladesh